000 00308nam a2200145Ia 4500
100 _aGross/ Phil/ Roberts/Jason
942 _cBK
654 _acomputer
245 _aDirector & demysified
260 _bPearson Edu
_c2000
082 _a4.65
_bGRO/ROB
300 _a1180
546 _aENGLISH
999 _c31168
_d31168